| 000 | 00411nam a2200169 4500 | ||
|---|---|---|---|
| 001 | 42770 | ||
| 090 | _a42770 | ||
| 100 | _a20240227 pory50 | ||
| 101 |
_apor _aing |
||
| 102 | _aPT | ||
| 200 | _aDicionário Inglês - Português Português - Inglês | ||
| 210 |
_aPorto _cPorto editora _d[S.d.] |
||
| 215 | _a750 p. | ||
| 225 | _aDicionários académicos | ||
| 675 | _a(038) | ||
| 801 |
_aPT _gRPC |
||
| 990 | _cLIVROS | ||